000 00316nam a22001457a 4500
020 _a978-81-8266-309-1
082 _a910
_bSUJ/K
100 _aSUJATHADEVI
245 _aKADUKALUDE THALAM THEDI
260 _aKOZHIKODE
_bMATHRUBHUMI BOOKS
_c2015
300 _a127
520 _aNOVEL
650 _aNOVEL
942 _cBK
999 _c5273
_d5273